000 00773nam a2200253Ia 4500
003 OSt
005 20220923225048.0
006 a|||||r|||| 00| 0
007 ta
008 220922b |||||||| |||| 00| 0 hin d
024 _a255,972
037 _cTextual
040 _aARTS
_cARTS
_bhin
041 _2hin
_ahin
082 _aO152,6z, L1
100 _aसक्सेना, द्वारिेका प्रसाद
245 0 _aनिबन्ध नवीनत
246 _aNibandha navīnata
260 _c1971
300 _a443p.
_ccm.
650 _aहिन्दी साहित्य
_9156264
942 _hO152,6z, L1
_cTEXL
_2CC
999 _c375772
_d375772